[Event "Montreal op U2000"]
[Site "Montreal"]
[Date "2016.09.10"]
[Round "2.37"]
[White "Roy, Stephane"]
[Black "Cisse, Lamine"]
[Result "1/2-1/2"]
[WhiteElo "1588"]
[BlackElo "1800"]
[PlyCount "112"]
[EventDate "2016.09.09"]
[EventType "swiss"]
[EventRounds "5"]
[EventCountry "CAN"]
[SourceTitle "EXT 2022"]
[Source "ChessBase"]
[SourceDate "2021.10.06"]
[SourceVersion "1"]
[SourceVersionDate "2021.10.06"]
[SourceQuality "1"]

1. Nf3 d5 2. e3 e6 3. c4 c6 4. b3 Nf6 5. Bb2 Bd6 6. Qc2 Nbd7 7. Nc3 0-0 8. Bd3 e5 9. Ng5 e4 10. Be2 Ne5 11. f4 exf3 12. gxf3 h6 13. h4 dxc4 14. bxc4 Ng6 15. Nge4 Bf5 16. 0-0-0 b5 17. Rdg1 Ne5 18. Nxf6+ Qxf6 19. Ne4 Qe7 20. f4 Ng6 21. Bd3 Ba3 22. h5 Bxb2+ 23. Qxb2 Bxe4 24. Bxe4 Qxe4 25. hxg6 fxg6 26. cxb5 cxb5 27. Rh3 Rac8+ 28. Kd1 Rc4 29. Rhg3 Rb4 30. Qc3 Rb1+ 31. Ke2 Rxg1 32. Rxg1 Rxf4 33. Qb3+ Qc4+ 34. Qxc4+ Rxc4 35. Rxg6 Rc2 36. Ra6 Rc7 37. Ra5 Rb7 38. e4 h5 39. d4 Kf7 40. Ra6 Re7 41. Kf3 Rc7 42. Kf4 g6 43. Kg5 Rd7 44. Rf6+ Ke7 45. d5 Rd6 46. Rxd6 Kxd6 47. Kf6 h4 48. e5+ Kd7 49. Kf7 h3 50. e6+ Kd6 51. e7 h2 52. e8Q h1Q 53. Qb8+ Kc5 54. Qxa7+ Kc4 55. Qc7+ Kd4 56. Qb6+ Kc4 1/2-1/2